01968nam a2200349 u 450000100070000000500170000700800410002403500110006504000130007604100080008908000060009708200080010310000540011124501090016526000430027430000130031752006430033065000280097365000350100165000340103665000430107065000250111370000460113870000500118470000490123494200100128399900190129350200100131252600070132295201630132995201260149283684720260506095802.0030811e20030811 ||||||m| spa  a836847 ccomduadb aspa aE 4a33710aBolivar Guerra, Andres Santiago4auteaut937323210aISO 14000 y acceso a los mercados internacionales : el caso del sector floricultor colombiano, 1980-2000 aMedellín :b[sin publicador],c2003. a41 hojas3 aAnaliza el impacto que puede tener la norma ambiental ISO 14000 sobre las exportaciones de flores colombianas con destino a Estados Unidos, destacando la importancia que tiene para un pais como Colombia vincularse con la idea de producir de acuerdo a estandares internacionales que contribuyan a mejorar la calidad ambiental. Tambien se estima la funcion de demanda estadounidense por flores colombianas apelando a un modelo dinamico que permita determinar la existencia de relaciones de corto plazo entre las exportaciones de flores, los precios relativos, la demanda externa y la norma ISO 14000 como variable no economica en el modelo. aNorma ISO: 14000918774 aExportación de flores912613 aMercado internacional9115847 aModelo dinámico (Economía)9108482 7aFlores2armarc9515310aMontoya Munera, Marcela4auteaut953827610aVanegas Olaya, Alvaro Diego4auteaut937323310aAlviar Ramírez, Mauricio4thseths9257483 cTESIS c287435d287435 b62c9 a62 001040708TESISBCaBCbBCd2003-08-28eMaterial adquirido por donacióniC803232l0o337.18 B689p61000005001546r2023-04-25 00:00:00t1w2023-04-25yTESIS 001040708GENERALaCIEbCIEd2003-08-11iC800488l0oE/00095p61000004405130r2023-04-25 00:00:00t2w2023-04-25yTESIS